书目信息 |
| 题名: |
3ds Max 2009中文版效果图制作从入门到精通
|
|
| 作者: | 王玉梅 , 姜杰 编著 | |
| 分册: | ||
| 出版信息: | 北京 人民邮电出版社 2010.4 |
|
| 页数: | 372页 | |
| 开本: | 26cm | |
| 丛书名: | ||
| 单 册: | ||
| 中图分类: | TU201.4 | |
| 科图分类: | ||
| 主题词: | 三维--建筑设计--计算机辅助设计 , 三维 , 建筑设计 , 计算机辅助设计 | |
| 电子资源: | ||
| ISBN: | 978-7-115-22076-9 | |
| 000 | 01092nam0 2200301 450 | |
| 001 | 0400004017 | |
| 005 | 20171023111229.0 | |
| 010 | @a978-7-115-22076-9@dCNY58.00 | |
| 100 | @a20100506e20172010em y0chiy50 ea | |
| 101 | 0 | @achi |
| 102 | @aCN@b110000 | |
| 105 | @ay z 000yy | |
| 106 | @ar | |
| 200 | 1 | @a3ds Max 2009中文版效果图制作从入门到精通@93ds Max 2009 zhong wen ban xiao guo tu zhi zuo cong ru men dao jing tong@f王玉梅,姜杰编著 |
| 210 | @a北京@c人民邮电出版社@d2010.4@h2017.3 | |
| 215 | @a372页@c图@d26cm@e2光盘 | |
| 300 | @a设计师梦工厂 从入门到精通 | |
| 307 | @a附光盘:ISBN 978-7-89479-889-3 | |
| 330 | @a本书分为24章,介绍了3ds Max 2009的基础操作、标准基本体的应用、扩展基本体的应用、二维线形的应用、室内各种墙体的应用、室内各种门窗的应用等内容。 | |
| 606 | 0 | @a三维@x建筑设计@x计算机辅助设计 |
| 606 | 0 | @a三维 |
| 606 | 0 | @a建筑设计 |
| 606 | 0 | @a计算机辅助设计 |
| 690 | @aTU201.4@v4 | |
| 701 | 0 | @a王玉梅@9wang yu mei@c(计算机)@4编著 |
| 701 | 0 | @a姜杰@9jiang jie@c(计算机)@4编著 |
| 801 | 0 | @aCN@b91MARC@c20171023 |
| 905 | @b1027726-30@dTU201.4@f5@e1082 | |
| 3ds Max 2009中文版效果图制作从入门到精通/王玉梅,姜杰编著.-北京:人民邮电出版社,2010.4(2017.3) |
| 372页:图;26cm+2光盘 |
| 设计师梦工厂 从入门到精通 |
| ISBN 978-7-115-22076-9:CNY58.00 |
| 本书分为24章,介绍了3ds Max 2009的基础操作、标准基本体的应用、扩展基本体的应用、二维线形的应用、室内各种墙体的应用、室内各种门窗的应用等内容。 |
| ● |
| 相关链接 |
|
|
|
|
正题名:3ds Max 2009中文版效果图制作从入门到精通
索取号:TU201.4/1082
 
预约/预借
| 序号 | 登录号 | 条形码 | 馆藏地/架位号 | 状态 | 备注 |
| 1 | 1027726 | 210277261 | 第二样本阅览室/ [索取号:TU201.4/1082] | 在馆 | |
| 2 | 1027727 | 210277270 | 密集书库-生命科学系/ [索取号:TU201.4/1082] | 在馆 | |
| 3 | 1027728 | 210277289 | 第三借阅区/ [索取号:TU201.4/1082] | 在馆 | |
| 4 | 1027729 | 210277298 | 第三借阅区/ [索取号:TU201.4/1082] | 在馆 | |
| 5 | 1027730 | 210277305 | 第三借阅区/ [索取号:TU201.4/1082] | 在馆 |